Koncepcia rozvoja služieb z hľadiska uplatňovania ekonómie času v oblasti finálnej spotreby obyvateľstva

Enregistré dans:
Détails bibliographiques
Auteur principal: Orságová, Soňa
Format: Livre
Langue:slovaque
Publié: Bratislava Výskumný ústav sociálneho rozvoja a práce 1990
Tags: Ajouter un tag
Pas de tags, Soyez le premier à ajouter un tag!

MARC

LEADER 00000nam a2200000 4500
001 c034795
005 20221215070745.6
041 0 |a slo 
044 |a SK 
245 1 0 |a Koncepcia rozvoja služieb z hľadiska uplatňovania ekonómie času v oblasti finálnej spotreby obyvateľstva  |c Soňa Orságová 
264 1 |a Bratislava  |b Výskumný ústav sociálneho rozvoja a práce  |c 1990 
300 |a 53 s. 
100 1 |a Orságová, Soňa